| 000 | 00601nam a2200205 a 4500 | ||
|---|---|---|---|
| 005 | 20140310183448.0 | ||
| 008 | 081127s19uu xx 00 eng d | ||
| 020 | _a9780749452353 | ||
| 050 |
_aHF 5549.5.C53 _b.F67 2008 |
||
| 100 | _aForsyth, Patrick | ||
| 245 |
_aImprove your coaching and training skills. / _cPatrick Forsyth |
||
| 260 |
_aUnited Kingdom : _bKogan Page, _c2008. |
||
| 300 |
_a142 p. : _c20 cm. |
||
| 521 | _aBSBA | ||
| 650 |
_aEmployees _xCoaching, of. |
||
| 650 |
_aEmployees _xtraining,of. |
||
| 650 | _aSupervision of employees. | ||
| 942 |
_cBK _2lcc _kFOR |
||
| 999 |
_c23299 _d23299 |
||